Language Quiz

Random Language or Letter Quiz

Word Patterns Quiz Stats

 Plays Quiz Updated Jun 9, 2014

Challenge
Share
Tweet
Embed
Score 0/48 Timer 12:00
2 Plays Today
Column Word % Correct
1ALWAYS
74.1%
1VACUUM
57.5%
2ACQUIT
49.8%
2GALAXY
48.9%
3OXYGEN
47.1%
2AFGHAN
40.7%
2SEQUEL
40.2%
1REVIVE
39%
1ITSELF
38.4%
3SQUIRM
37.3%
2DELUXE
36.8%
1EVOLVE
35.5%
3ENJOYS
34.1%
1MYSELF
33.6%
2INDIGO
33.1%
2INJURY
32.5%
1REMOVE
32.3%
1FAJITA
31.5%
1REVIEW
31.1%
3UNIQUE
29.7%
3QUARTZ
29.6%
3OPAQUE
28.4%
1COBWEB
28.1%
3VANISH
28%
Column Word % Correct
3JIGSAW
24.3%
1DOUBTS
24.2%
3TAVERN
21.9%
2SHADOW
17.6%
1NATIVE
17.4%
3MOTIVE
16.6%
2ANSWER
16.4%
2ABSORB
15.4%
2SHREWD
14.2%
2WIDOWS
13.8%
2USEFUL
13%
3LENGTH
12.4%
3IMPROV
12.3%
3NUTMEG
12.3%
1LIQUOR
12.2%
3DIMWIT
11.1%
1ASLEEP
10.6%
3PICNIC
9.7%
1AGENCY
8%
2OBTAIN
7.9%
3BUREAU
7.6%
2WALRUS
6.1%
2CLIMAX
5.9%
1WARMTH
5.6%

You're not logged in!

Compare scores with friends on all Sporcle quizzes.
OR
Log In

You Might Also Like...

Show Comments

Extras

Top Quizzes Today


Score Distribution

Your Account Isn't Verified!

In order to create a playlist on Sporcle, you need to verify the email address you used during registration. Go to your Sporcle Settings to finish the process.

Report this User

Report this user for behavior that violates our Community Guidelines.

Details: